Leyendas : (Registro nro. 68008)
[ vista simple ]
| 000 -LÍDER | |
|---|---|
| Campo fijo de descripción fija | 00737nam a2200181 i 4500 |
| 001 - NÚMERO DE CONTROL | |
| Campo de control | 768714001 |
| 003 - IDENTIFICADOR DEL NÚMERO DE CONTROL | |
| Campo de control | CO-MdFUSB |
| 005 - FECHA Y HORA DE LA ULTIMA TRANSACCIÓN | |
| control field | 20220725173045.0 |
| 008 - ELEMENTOS DE LONGITUD FIJA -- INFORMACIÓN GENERAL | |
| Campo fijo de descripción fija -- Información general | 220725t1984 ck |||| |||| 00| 0 spa d |
| 040 ## - FUENTE DE CATALOGACIÓN | |
| Idioma de catalogación | spa |
| Agencia que realiza la transcripción | CO-MdFUSB |
| Agencia que realiza la modificación | CO-MdFUSB |
| 041 ## - CÓDIGO DE IDIOMA | |
| Código de idioma para texto/pista de sonido o título separado | spa |
| 100 ## - ASIENTO PRINCIPAL--NOMBRE PERSONAL | |
| Nombre personal | Bécquer, Gustavo Adolfo, |
| Término relacionador | autor |
| 245 ## - TÍTULO | |
| Título | Leyendas : |
| Subtitulo | El caudillo de las manos rojas, La cruz del diablo, La ajorca de oro, Maese Pérez el organista, El rayo de luna, Creed en Dios, El miserere |
| Mención de responsabilidad | / Gustavo Adolfo Bécquer |
| 300 ## - DESCRIPCIÓN FÍSICA | |
| Extensión | Volumen 12, (1984) páginas 285 - 462 ; |
| Dimensiones | 22 cm |
| 650 #7 - ASIENTO SECUNDARIO DE MATERIA - TERMINO TEMÁTICO | |
| 9 (RLIN) | 7089 |
| Término temático o nombre geográfico como elemento de entrada | Literatura española |
| 773 0# - ASIENTO DE ITEM FUENTE | |
| Biblionumber | 67924 |
| Itemnumber | 81151 |
| Asiento principal | Oveja Negra, |
| Otro identificador del ítem | 24701 |
| Título | Maestros de la literatura universal |
| Número de control del registro | (CO-MdFUSB)768714001 |
| International Standard Book Number | 8482806718 |
| 942 ## - TIPO DE MATERIAL (KOHA) | |
| Tipo de Item KOHA | Libros General |
No hay ítems disponibles.
